00705 2200253 4500001002100000005001700021008004100038020002200079035002500101040001200126082001400138090001800152100001700170245005700187260004300244300002900287504003100316650002000347700001800367850001200385990001800397990001800415990001800433INLIS00000000000398420150730130340.0  a978-602-18651-3-2 a0010-041500000001050 aYOPDYOG 223a300.3 aR 300.3 Nur K aNURUL Oktima aKamus Ekonomic/ Nurul Oktima; Editor, Eko Sujatmiko aSurakartabAksarra Sinergi Mediac2012 aviii, 392 hlm.c; 21 cm. aBibliografi : hlm. 323-324 aEkonomi - Kamus aEKO Sujatmiko aYOPDYOG a11221-PD/B.15 a11222-PD/B.15 a11223-PD/B.15